Caricamento...
Industrial economy of India
| Autore principale: | |
|---|---|
| Natura: | Printed Book |
| Lingua: | English |
| Pubblicazione: |
Allahabad
Chaitanya
1978
|
| Edizione: | 13th ed. |
| Soggetti: |
| LEADER | 00541nam a22001697a 4500 | ||
|---|---|---|---|
| 005 | 20151215125536.0 | ||
| 008 | 091230t xxu||||| |||| 00| 0 eng d | ||
| 082 | |a 338.509 54 |b KUC | ||
| 100 | |a Kuchhal, S.C. |9 1291 | ||
| 245 | |a Industrial economy of India | ||
| 250 | |a 13th ed. | ||
| 300 | |a xvi, 487p. | ||
| 653 | |a Industrial economics | ||
| 942 | |c BK |6 _ | ||
| 260 | |b Chaitanya |c 1978 |a Allahabad | ||
| 999 | |c 106312 |d 106312 | ||
| 952 | |0 0 |1 0 |2 ddc |4 0 |6 338509_54KUC |7 0 |9 133842 |a SMS |b SMS |c GEN |d 2009-12-30 |o 338.509 54 KUC |p SMS011793 |r 2009-12-30 |w 2009-12-30 |y BK | ||